Nazioni Vincitrici Billie Jean King Cup - Statistics

Statistiche generali
  • Questo quiz è stato fatto 5 volte
  • Il punteggio medio è 51 su 59
Statistiche sulle risposte
Edizione Continente Nazione % Corretto
1997 Europa Francia
100%
2003 Europa Francia
100%
2019 Europa Francia
100%
2006 Europa Italia
100%
2009 Europa Italia
100%
2010 Europa Italia
100%
2013 Europa Italia
100%
2011 Europa Repubblica Ceca
100%
2012 Europa Repubblica Ceca
100%
2014 Europa Repubblica Ceca
100%
2015 Europa Repubblica Ceca
100%
2016 Europa Repubblica Ceca
100%
2018 Europa Repubblica Ceca
100%
2004 Asia / Europa Russia
100%
2005 Asia / Europa Russia
100%
2007 Asia / Europa Russia
100%
2008 Asia / Europa Russia
100%
2020-2021 Asia / Europa Russia
100%
1991 Europa Spagna
100%
1993 Europa Spagna
100%
1994 Europa Spagna
100%
1995 Europa Spagna
100%
1998 Europa Spagna
100%
1964 Oceania Australia
80%
1965 Oceania Australia
80%
1968 Oceania Australia
80%
1970 Oceania Australia
80%
1971 Oceania Australia
80%
1973 Oceania Australia
80%
1974 Oceania Australia
80%
2001 Europa Belgio
80%
1975 Europa Cecoslovacchia
80%
1983 Europa Cecoslovacchia
80%
1984 Europa Cecoslovacchia
80%
1985 Europa Cecoslovacchia
80%
1988 Europa Cecoslovacchia
80%
1963 America del Nord Stati Uniti
80%
1966 America del Nord Stati Uniti
80%
1967 America del Nord Stati Uniti
80%
1969 America del Nord Stati Uniti
80%
1976 America del Nord Stati Uniti
80%
1977 America del Nord Stati Uniti
80%
1978 America del Nord Stati Uniti
80%
1979 America del Nord Stati Uniti
80%
1980 America del Nord Stati Uniti
80%
1981 America del Nord Stati Uniti
80%
1982 America del Nord Stati Uniti
80%
1986 America del Nord Stati Uniti
80%
1989 America del Nord Stati Uniti
80%
1990 America del Nord Stati Uniti
80%
1996 America del Nord Stati Uniti
80%
1999 America del Nord Stati Uniti
80%
2000 America del Nord Stati Uniti
80%
2017 America del Nord Stati Uniti
80%
1972 Africa Sudafrica
80%
2022 Europa Svizzera
80%
1992 Europa Germania
60%
1987 Europa Germania Ovest
60%
2002 Europa Slovacchia
0%
Nessun quiz corrispondente trovato
Distribuzione punteggi
Percentuale di utenti per punteggio
Percentile per numero di risposta
I tuoi punteggi nel tempo
Non hai fatto questo quiz